000 00313nam a2200133Ia 4500
008 150201s2007 xx 000 0 und d
082 _a616.1
_bU07A
100 _aAHUJA,IS
245 _aUNDERSTANDING ECG
250 _a1ST
260 _bPEEPEE
_aDELHI
_c2007
650 _aMEDICINE AND DIAGNOSIS
942 _2ddc
_cBK
_06
999 _c680
_d680